Der Schriftsteller und das Publikum /

Hlavní autor: Kellen, Tony, 1869-1948
Jazyk: Němčina
Vydáno: Paderborn ; und Würzburg : Ferdinand Schöningh, 1914
Edice: Ideal und Leben
Fyzický popis: 104 s. ; 8°
Knihy
Uloženo v:
LEADER 00755nam a22002292a 4500
001 001923676
003 CZ BrMZK
005 20250129133146.0
007 ta
008 250129s1914 gw er|||||||||||ger d
040 |a BOA001  |b cze  |e aacr2 
100 1 |a Kellen, Tony,  |d 1869-1948  |7 xx0110751  |4 aut 
245 1 4 |a Der Schriftsteller und das Publikum /  |c von Tony Kellen 
260 |a Paderborn ;  |a und Würzburg :  |b Ferdinand Schöningh,  |c 1914 
300 |a 104 s. ;  |c 8° 
490 1 |a Ideal und Leben : eine Sammlung ethischer Kulturfragen ;  |v Bd. 12 
830 0 |a Ideal und Leben 
910 |a BOA001  |b 2-0183.282,12 
990 |a BK 
993 |a Y 
991 |b 202501 
996 6 |b 2618783490  |c 2-0183.282,12  |l MZK  |r Sklad / do 24 hodin  |n 0  |w 001993037  |u 000010  |a 1  |e BOA001  |j MZK50  |s P